书目信息 |
| 题名: |
现代分子光化学
|
|
| 作者: | 特罗 , Turro 著 ;姚绍明等 译 | |
| 分册: | ||
| 出版信息: | 北京 科学出版社 1987 |
|
| 页数: | 708页 | |
| 开本: | 20cm | |
| 丛书名: | ||
| 单 册: | ||
| 中图分类: | O644.1 | |
| 科图分类: | ||
| 主题词: | 分子-光化学 , 光化学-分子 | |
| 电子资源: | ||
| ISBN: | ||
| 000 | 00943nam0 2200313 45 | |
| 001 | 0187009382 | |
| 005 | 20040707092645.8 | |
| 010 | @dCNY6.70 | |
| 091 | @a13031.3941 | |
| 100 | @a19900903d1987 emky0chiy0121 ea | |
| 101 | 1 | @achi@ceng |
| 102 | @aCN@b110000 | |
| 105 | @ay z 000yy | |
| 106 | @ar | |
| 200 | 10 | @a现代分子光化学@Axian dai fen zi guang hua xue@f(美)特罗(Turro,N.J.)著@g姚绍明等译 |
| 210 | @a北京@c科学出版社@d1987 | |
| 215 | @a708页@d20cm | |
| 300 | @a书名原文: Modern molecular photochemistry | |
| 300 | @a根据Bengjanin/Cummriys Publishing Co., lnc.1987版译出 | |
| 510 | 1 | @aModern molecular photochemistry@zeng |
| 606 | @a分子-光化学 | |
| 606 | @a光化学-分子 | |
| 690 | @aO644.1@v3 | |
| 701 | 1 | @a特罗@Ate luo@bN.J.@4著 |
| 701 | A1 | @aTurro@bN.J.@4著 |
| 702 | 0 | @a姚绍明等@Ayao shao ming deng@4译 |
| 801 | 0 | @aCN@b深圳图书馆@c20040520 |
| 801 | 2 | @aCN@bNLC@c20040520 |
| 905 | @dO644.1@e8@f1@b205914 | |
| 现代分子光化学/(美)特罗(Turro,N.J.)著/姚绍明等译.-北京:科学出版社,1987 |
| 708页;20cm |
| 书名原文: Modern molecular photochemistry.-根据Bengjanin/Cummriys Publishing Co., lnc.1987版译出 |
| ISBN :CNY6.70 |
| ● |
| 相关链接 |
|
|
|
|
正题名:现代分子光化学
索取号:O644.1/8
 
预约/预借
| 序号 | 登录号 | 条形码 | 馆藏地/架位号 | 状态 | 备注 |
| 1 | 0205914 | 001945809 | 第三借阅区/ [索取号:O644.1/8] | 在馆 | |
| 2 | 0205915 | 000342873 | 第三借阅区/ [索取号:O644.1/8] | 在馆 | |
| 3 | 0205916 | 202105612 | 第二样本阅览室/ [索取号:O644.1/8] | 在馆 |